[Event "Xtracon Chess Open 2018"]
[Site "Elsinore"]
[Date "2018.07.24"]
[Round "5"]
[White "Heimisson, Hilmir Freyr"]
[Black "Ochsner, Bjorn Moller"]
[Result "0-1"]
[WhiteElo "2241"]
[BlackElo "2469"]
[EventDate "2018.07.21"]
[WhiteFideId "2309998"]
[BlackFideId "1416928"]

1.e4 e5 2.Nf3 Nc6 3.Bc4 Bc5 4.d3 Nf6 5.O-O a6 6.a4 Ba7 7.c3 O-O 8.Bg5 d6 
9.Nbd2 h6 10.Bh4 Qe7 11.a5 Nd8 12.Re1 g5 13.Bg3 Nh5 14.d4 g4 15.Nh4 Nxg3 
16.hxg3 exd4 17.cxd4 Bxd4 18.Nf5 Qf6 19.Qxg4+ Kh8 20.Nf3 Bxb2 21.Rab1 Bc3 
22.Re3 Bxa5 23.Qh5 Bb6 24.Rxb6 Bxf5 25.exf5 cxb6 26.g4 Kg7 27.g5 hxg5 28.
Nxg5 Rh8 29.Qg4 Kf8 30.Ne6+ fxe6 31.fxe6 Ke7 32.Rf3 Qh6 33.Kf1 Rc8 34.Re3 
Qh1+ 35.Ke2 Qh5 0-1

[Event "Xtracon Chess Open 2018"]
[Site "Elsinore"]
[Date "2018.07.24"]
[Round "5"]
[White "Nakar, Eylon"]
[Black "Berg, Olaf"]
[Result "1-0"]
[WhiteElo "2462"]
[BlackElo "2226"]
[EventDate "2018.07.21"]
[WhiteFideId "2811111"]
[BlackFideId "7200420"]

1.e4 c5 2.Nf3 e6 3.d4 cxd4 4.Nxd4 Nc6 5.Nc3 Qc7 6.Be3 a6 7.Qf3 Ne5 8.Qg3 
h5 9.O-O-O h4 10.Qh3 b5 11.f4 Nc4 12.Bxc4 Qxc4 13.Kb1 Bb7 14.f5 e5 15.Nb3 
b4 16.Nd5 Rc8 17.f6 Qxc2+ 18.Ka1 Qxe4 19.fxg7 Bxg7 20.Nb6 Rc7 21.Rxd7 Qxg2
22.Qxg2 Bxg2 23.Rxc7 Bxh1 24.Bc5 Bf6 25.Nc8 Bd5 26.Nd6+ Kf8 27.Nxf7+ Kg7 
28.Nxh8+ Kxh8 29.Bxb4 Bg5 30.Bd6 Bf4 31.Rc5 Bxb3 32.axb3 Bxh2 33.Bxe5+ 
Bxe5 34.Rxe5 Nf6 35.Rf5 Kg7 36.Rf4 1-0

[Event "Xtracon Chess Open 2018"]
[Site "Elsinore"]
[Date "2018.07.24"]
[Round "5"]
[White "Haugli, Petter"]
[Black "Mu, Ke"]
[Result "0-1"]
[WhiteElo "2231"]
[BlackElo "2455"]
[EventDate "2018.07.21"]
[WhiteFideId "1500104"]
[BlackFideId "8602778"]

1.c4 Nf6 2.Nc3 g6 3.e4 d6 4.d4 Bg7 5.Be2 O-O 6.Bg5 c6 7.Qd2 a6 8.Nf3 b5 9.
a3 bxc4 10.Bxc4 d5 11.Bd3 dxe4 12.Nxe4 Bg4 13.Nxf6+ exf6 14.Be3 Bxf3 15.
gxf3 f5 16.Bc4 Nd7 17.O-O Nb6 18.Ba2 Nd5 19.f4 Re8 20.Rfe1 Qd6 21.Rac1 
Rad8 22.Red1 Bh6 23.Bxd5 Qxd5 24.Rc3 Rd6 25.Rdc1 Bg7 26.Rc5 Qf3 27.R5c3 
Ree6 28.Qd1 Qd5 29.Rc5 Qe4 30.Qc2 Qf3 31.Rc3 Qg4+ 32.Kh1 Bxd4 0-1

[Event "Xtracon Chess Open 2018"]
[Site "Elsinore"]
[Date "2018.07.24"]
[Round "5"]
[White "Johansson, Linus"]
[Black "Ongut, Tamas Gunes"]
[Result "1-0"]
[WhiteElo "2454"]
[BlackElo "2220"]
[EventDate "2018.07.21"]
[WhiteFideId "1711113"]
[BlackFideId "770280"]

1.d4 d5 2.c4 c6 3.Nf3 Nf6 4.e3 e6 5.Be2 Nbd7 6.O-O Bd6 7.Nbd2 Ne4 8.Qc2 f5
9.b3 O-O 10.a4 Qe7 11.Bb2 a5 12.Qc1 b6 13.Ba3 Bb7 14.Bxd6 Qxd6 15.Qb2 Rac8
16.Rac1 Rfd8 17.Rfd1 Rf8 18.Bd3 Rf6 19.Ne5 Rh6 20.Ndf3 Ndf6 21.Rc2 g5 22.
Bxe4 Nxe4 23.Nd2 Nf6 24.Nf1 c5 25.Ng3 cxd4 26.Qxd4 g4 27.Qf4 Qf8 28.Rdc1 
Qg7 29.c5 d4 30.Qxd4 Bd5 31.cxb6 Rf8 32.Rc8 Ne8 33.Nxf5 1-0

[Event "Xtracon Chess Open 2018"]
[Site "Elsinore"]
[Date "2018.07.24"]
[Round "5"]
[White "Crevatin, Leo"]
[Black "Korley, Kassa"]
[Result "0-1"]
[WhiteElo "2224"]
[BlackElo "2443"]
[EventDate "2018.07.21"]
[WhiteFideId "1726307"]
[BlackFideId "2033801"]

1.d4 d5 2.c4 e6 3.Nc3 a6 4.cxd5 exd5 5.Qb3 Nc6 6.Nf3 Nf6 7.Bg5 Bb4 8.e3 
Be6 9.a3 Bxc3+ 10.Qxc3 h6 11.Bxf6 Qxf6 12.Bd3 O-O 13.O-O Rfc8 14.Rfc1 Bg4 
15.Nd2 Ne7 16.b4 Bf5 17.a4 Bxd3 18.Qxd3 Nf5 19.Rc2 c6 20.Rac1 Nd6 21.f3 
Re8 22.e4 Qg6 23.Re1 Re7 24.Re3 Rae8 25.e5 Nf5 26.Rc1 Nxe3 27.Qxe3 f6 28.
f4 fxe5 29.dxe5 Rf7 30.g3 Qg4 31.Rf1 g5 32.Kh1 gxf4 33.gxf4 Rg7 34.Qf2 Rf8
0-1

[Event "Xtracon Chess Open 2018"]
[Site "Elsinore"]
[Date "2018.07.24"]
[Round "5"]
[White "Vestby-Ellingsen, Mads"]
[Black "Christensen, Thomas"]
[Result "1-0"]
[WhiteElo "2429"]
[BlackElo "2218"]
[EventDate "2018.07.21"]
[WhiteFideId "1520857"]
[BlackFideId "1407635"]

1.d4 Nc6 2.e4 e5 3.dxe5 Nxe5 4.Nf3 Nxf3+ 5.Qxf3 Bc5 6.Be3 Bxe3 7.Qxe3 Nf6 
8.e5 O-O 9.Nc3 Ng4 10.Qg3 Nxe5 11.O-O-O d6 12.f4 Nc6 13.Qf3 Re8 14.g4 Qh4 
15.h3 Re1 16.Bb5 Rxh1 17.Rxh1 Bd7 18.Qd1 a6 19.Ba4 Rc8 20.Nd5 b5 21.Bb3 
Ne7 22.Nc3 Be6 23.Bxe6 fxe6 24.Qe2 Qf6 25.Rf1 h6 26.Ne4 Qd4 27.Ng5 hxg5 
28.Qxe6+ Kh8 29.Qxe7 gxf4 30.Qf7 Qe3+ 31.Kb1 Re8 32.a3 Re4 33.g5 Qxh3 34.
Qf8+ Kh7 35.g6+ Kxg6 36.Rg1+ Qg3 37.Rxg3+ fxg3 38.Qf3 Re5 39.Qxg3+ Kf6 40.
Qf3+ Ke6 41.Qc6 Rc5 42.Qxa6 g5 43.b4 Re5 44.Qc8+ Kd5 45.Qxc7 g4 46.Qg7 Re4
47.Qb7+ Ke5 48.Qxb5+ Kf4 49.Qf1+ Ke3 50.Qg2 Kf4 51.Qf2+ Kg5 52.Kc1 Rf4 53.
Qe3 Kf5 54.b5 Rf3 55.Qxf3+ 1-0

[Event "Xtracon Chess Open 2018"]
[Site "Elsinore"]
[Date "2018.07.24"]
[Round "5"]
[White "Hilby, Craig"]
[Black "Hartung-Nielsen, Jens"]
[Result "1-0"]
[WhiteElo "2426"]
[BlackElo "2207"]
[EventDate "2018.07.21"]
[WhiteFideId "2062674"]
[BlackFideId "1400690"]

1.d4 Nf6 2.c4 e6 3.Nf3 d5 4.g3 c5 5.cxd5 exd5 6.Bg2 Nc6 7.O-O Be7 8.Nc3 
O-O 9.Bg5 cxd4 10.Nxd4 h6 11.Be3 Re8 12.Rc1 Bf8 13.Nxc6 bxc6 14.Na4 Qa5 
15.Rxc6 Bd7 16.Bd2 Qb5 17.Rxf6 gxf6 18.Nc3 Qxb2 19.Nxd5 Rac8 20.Bc3 Rxc3 
21.Nxf6+ Kg7 22.Qd4 Rec8 23.Nxd7+ Kg8 24.Nf6+ Kh8 25.Nh5+ Kg8 26.Qg4+ Kh8 
27.Qf5 R3c5 28.Qxf7 Qe5 29.Nf4 Qg7 30.Qe6 Qg8 31.Qa6 Qf7 32.Bd5 Qd7 33.Be6
R8c6 34.Qa4 Qg7 35.Qe4 Qf6 36.Bd5 Rc8 37.Rb1 Rc1+ 38.Rxc1 Rxc1+ 39.Kg2 Rc8
40.Nh5 Qg5 41.Qe6 Rd8 42.e4 Bg7 43.Qf7 Rf8 44.h4 Qe5 45.Qxg7+ Qxg7 46.Nxg7
Kxg7 47.g4 Rb8 48.f4 Rb2+ 49.Kg3 Rb1 50.g5 Rg1+ 51.Kf3 Rf1+ 52.Kg4 h5+ 53.
Kf5 Rh1 54.e5 Rxh4 55.e6 Kf8 56.Ke5 Rh2 57.Kf6 Re2 58.g6 1-0

[Event "Xtracon Chess Open 2018"]
[Site "Elsinore"]
[Date "2018.07.24"]
[Round "5"]
[White "Raghunandan, Kaumandur Srihari"]
[Black "Grove, Peter"]
[Result "1/2-1/2"]
[WhiteElo "2417"]
[BlackElo "2202"]
[EventDate "2018.07.21"]
[WhiteFideId "25004964"]
[BlackFideId "1411101"]

1.e4 c6 2.d4 d5 3.e5 Bf5 4.Nd2 e6 5.Nb3 Nd7 6.Nf3 h6 7.Be2 Ne7 8.O-O g5 9.
Ne1 c5 10.c3 Qb6 11.dxc5 Qc7 12.Nd4 Nxe5 13.Nb5 Qxc5 14.Be3 Qc6 15.Qd4 Bg7
16.Qb4 a5 17.Qa3 Nc4 18.Bxc4 dxc4 19.Nd6+ Kd7 20.Rd1 Nd5 21.Nxf5 exf5 22.
Nf3 Rhe8 23.Nd4 Bxd4 24.Rxd4 Re4 25.Rd2 Ke8 26.Bc5 Re6 27.g3 Rd8 28.Rfd1 
Rd7 29.Rd4 Nf6 1/2-1/2

[Event "Xtracon Chess Open 2018"]
[Site "Elsinore"]
[Date "2018.07.24"]
[Round "5"]
[White "Salles, Louis"]
[Black "Jepson, Christian"]
[Result "1/2-1/2"]
[WhiteElo "2227"]
[BlackElo "2410"]
[EventDate "2018.07.21"]
[WhiteFideId "20641826"]
[BlackFideId "1701185"]

1.Nf3 g6 2.e4 d6 3.d4 Nf6 4.Nc3 Bg7 5.Be2 O-O 6.O-O c6 7.a4 Qc7 8.Re1 Nbd7
9.b3 Re8 10.Ba3 a6 11.Bf1 Nh5 12.Qd2 e5 13.Rad1 Nf8 14.h3 b6 15.dxe5 dxe5 
16.Qe3 Qb7 17.Bd6 b5 18.Rd2 f6 19.Red1 Nf4 20.Kh2 Be6 21.g3 Nh5 22.axb5 
axb5 23.Ne2 g5 24.g4 Nf4 25.Nxf4 exf4 26.Qe2 Bd5 27.Rxd5 cxd5 28.Qxb5 Qxb5
29.Bxb5 Rec8 30.Bd3 dxe4 31.Bxe4 Ra2 32.Kg2 Ng6 33.b4 Rb2 34.Bd5+ Kh8 35.
Bb3 Rd8 36.Be5 Rxd1 37.Bxb2 f5 38.Bxg7+ Kxg7 39.gxf5 Nh4+ 40.Nxh4 gxh4 41.
b5 Rd4 42.Be6 Rb4 43.c4 Rb3 44.Bd7 f3+ 45.Kh2 Rc3 46.Be6 Rb3 47.Bd7 Rc3 
48.Be6 Rb3 49.Bd7 1/2-1/2

[Event "Xtracon Chess Open 2018"]
[Site "Elsinore"]
[Date "2018.07.24"]
[Round "5"]
[White "Johannsson, Orn Leo"]
[Black "Akesson, Ralf"]
[Result "0-1"]
[WhiteElo "2196"]
[BlackElo "2397"]
[EventDate "2018.07.21"]
[WhiteFideId "2303051"]
[BlackFideId "1700120"]

1.d4 Nf6 2.Nf3 e6 3.e3 b6 4.Be2 Bb7 5.O-O Be7 6.c4 O-O 7.Nc3 d5 8.cxd5 
Nxd5 9.Qc2 Nd7 10.Nxd5 exd5 11.Bd2 Bd6 12.Rac1 a6 13.b4 Qe7 14.Qb2 b5 15.
Ne1 Nb6 16.Nd3 Nc4 17.Qc2 Rae8 18.Nc5 Bc8 19.Bf3 c6 20.Rfe1 Qg5 21.Rcd1 
Qh6 22.g3 Qf6 23.Bg2 Bg4 24.f3 Bf5 25.Qc3 Bxc5 26.bxc5 Qg6 27.Re2 Re7 28.
Bc1 Rfe8 29.g4 Bc8 30.Rde1 f5 31.h3 h5 32.Qc2 Qf6 33.gxh5 Qh4 34.Qd3 Qxh5 
35.e4 fxe4 36.fxe4 Bf5 37.Qf3 Qxf3 38.Bxf3 dxe4 39.Bf4 Re6 40.Bg2 Kf7 41.
Kh2 Rd8 42.Bxe4 Bxe4 43.Rxe4 Rxe4 44.Rxe4 Re8 45.Be5 Nxe5 46.dxe5 Ke6 47.
Rd4 Kxe5 48.Rd7 g6 49.Kg3 a5 50.Kg4 a4 51.Kg5 Rh8 52.h4 Rh5+ 53.Kg4 Ke4 
54.Rd6 Rxc5 55.Rxg6 b4 56.h5 b3 57.h6 Rc1 58.axb3 axb3 59.Re6+ Kd5 60.h7 
Rh1 61.Re7 c5 62.Rb7 Kc4 63.Rf7 b2 64.Rf4+ Kb5 65.Rf7 Ka4 66.Rf4+ Kb3 67.
Rf3+ Ka2 68.Rh3 Rxh3 0-1

[Event "Xtracon Chess Open 2018"]
[Site "Elsinore"]
[Date "2018.07.24"]
[Round "5"]
[White "Lindgren, Philip"]
[Black "Bekker-Jensen, David"]
[Result "1/2-1/2"]
[WhiteElo "2394"]
[BlackElo "2200"]
[EventDate "2018.07.21"]
[WhiteFideId "1713230"]
[BlackFideId "1403095"]

1.d4 Nf6 2.c4 g6 3.Nc3 Bg7 4.e4 d6 5.Bd3 O-O 6.Nge2 e5 7.d5 Nh5 8.O-O Nd7 
9.g4 Nhf6 10.f3 Ne8 11.Ng3 Qh4 12.Be3 Bh6 13.Bf2 Bf4 14.Nce2 Qh3 15.Re1 
Qh6 16.Nxf4 exf4 17.Ne2 Ne5 18.Nd4 Nf6 19.Be2 Bxg4 20.fxg4 Nxe4 21.Rf1 
Rae8 22.Rc1 f3 23.Bxf3 Nxf2 24.Rxf2 Nd3 25.Qxd3 Qxc1+ 26.Kg2 Re7 27.Qc2 
Qg5 28.Qd2 Qh4 29.Ne2 Rfe8 30.Ng3 Re5 31.Qf4 Qe7 32.Qd4 b6 33.b3 Qg5 34.h3
Qe7 35.Qd2 a5 36.Ne2 Re3 37.Nd4 Qg5 38.Nc2 R3e5 39.Qxg5 Rxg5 40.Nd4 Rge5 
41.Kg3 Re3 42.Kf4 a4 43.Re2 Rxe2 44.Bxe2 axb3 45.axb3 Kg7 46.h4 h6 47.Bd3 
Re1 48.Nb5 Re7 49.Be4 Kf6 50.Nd4 Re8 51.Nb5 Re7 52.Nd4 Re8 53.Nb5 1/2-1/2

[Event "Xtracon Chess Open 2018"]
[Site "Elsinore"]
[Date "2018.07.24"]
[Round "5"]
[White "Hoi, Carsten"]
[Black "Roseneck, Jonas"]
[Result "0-1"]
[WhiteElo "2389"]
[BlackElo "2182"]
[EventDate "2018.07.21"]
[WhiteFideId "1400100"]
[BlackFideId "12939870"]

1.d4 Nf6 2.c4 e6 3.Nc3 Bb4 4.e3 O-O 5.Bd3 d5 6.Ne2 b6 7.O-O Bb7 8.cxd5 
exd5 9.a3 Bd6 10.Ng3 Re8 11.b4 Nbd7 12.Nf5 Bf8 13.Bb2 g6 14.Ng3 a6 15.Qb3 
Bd6 16.Be2 h5 17.Bf3 Nf8 18.Nxd5 Bxd5 19.Bxd5 Nxd5 20.Qxd5 Bxg3 21.Qxd8 
Bxf2+ 22.Kxf2 Raxd8 23.Rac1 Rd7 24.Rc6 Re4 25.Rfc1 Ne6 26.Kf3 f5 27.a4 g5 
28.g3 Rd5 29.Bc3 Rd6 30.Rxd6 cxd6 31.Bb2 Kf7 32.Rc6 Ke7 33.Rxb6 Nc7 34.Bc1
Kd7 35.Bd2 g4+ 36.Kf2 Re6 37.d5 Re5 38.Bc3 Rxe3 39.Bg7 Rd3 40.Bh6 Rxd5 41.
Bf4 Rd4 42.a5 h4 43.Ke3 Ne6 44.Rb7+ Kc8 45.Re7 Re4+ 46.Kf2 Nxf4 47.Rxe4 
Nd3+ 48.Ke3 fxe4 49.gxh4 d5 50.h5 Ne5 51.h6 Ng6 0-1

[Event "Xtracon Chess Open 2018"]
[Site "Elsinore"]
[Date "2018.07.24"]
[Round "5"]
[White "Haubro, Martin"]
[Black "Hinrichs, Lars"]
[Result "1/2-1/2"]
[WhiteElo "2373"]
[BlackElo "2185"]
[EventDate "2018.07.21"]
[WhiteFideId "1414291"]
[BlackFideId "12921769"]

1.e4 c5 2.Nf3 Nc6 3.d4 cxd4 4.Nxd4 e5 5.Nb5 d6 6.c4 Be7 7.N1c3 a6 8.Na3 f5
9.exf5 Bxf5 10.Bd3 Be6 11.Qh5+ Bf7 12.Qh3 Nd4 13.Be3 Nf6 14.f4 Qc8 15.Qg3 
Nf5 16.Bxf5 Qxf5 17.O-O O-O 18.Rad1 Rac8 19.Kh1 e4 20.Bd4 Bxc4 21.Nxc4 
Rxc4 22.Qe3 Re8 23.h3 h5 24.Qe2 Rc6 25.Bxf6 Bxf6 26.Rd5 Qe6 27.Rxh5 Bxc3 
28.bxc3 Rxc3 29.f5 Qf7 30.Qg4 Qf6 31.Rh8+ Kxh8 32.Qh5+ Kg8 33.Qxe8+ Kh7 
34.Qxe4 b5 35.Qg4 Rc5 36.Rf4 Rc1+ 37.Kh2 Qe5 38.f6 gxf6 39.Qh4+ Kg6 40.
Qg4+ Kf7 41.Qd7+ Kf8 42.Qd8+ Kg7 43.Qd7+ Kh6 44.Qf5 Qxf5 45.Rxf5 Kg6 46.
Rd5 Ra1 47.Rd2 Kf5 48.Kg3 Ke5 49.Kf3 d5 50.g4 d4 51.Rh2 Rf1+ 52.Ke2 Rb1 
53.Kd3 Rg1 54.Re2+ Kd5 55.Rf2 Rg3+ 56.Kc2 Kc4 57.Rxf6 Rg2+ 58.Kb1 d3 59.
Kc1 Rxa2 60.g5 Rh2 61.Rxa6 Rxh3 62.Rc6+ Kb3 63.g6 Rg3 64.Kd2 b4 65.Ra6 Kb2
66.Rb6 b3 67.Ra6 Kb1 68.Rc6 b2 69.Rb6 Ka2 70.Ra6+ Kb3 71.Rb6+ Kc4 72.Rxb2 
Rg2+ 73.Kc1 Rxg6 74.Rb8 Rg1+ 1/2-1/2

[Event "Xtracon Chess Open 2018"]
[Site "Elsinore"]
[Date "2018.07.24"]
[Round "5"]
[White "Roy, Prantik"]
[Black "Niese, Holger"]
[Result "1-0"]
[WhiteElo "2347"]
[BlackElo "2140"]
[EventDate "2018.07.21"]
[WhiteFideId "5035120"]
[BlackFideId "4697057"]

1.d4 d5 2.Nf3 Nf6 3.Bf4 Bf5 4.e3 e6 5.Bd3 Bxd3 6.Qxd3 Nbd7 7.Nbd2 Be7 8.h3
O-O 9.O-O c5 10.c3 c4 11.Qc2 Nh5 12.Bh2 f5 13.b3 cxb3 14.axb3 a6 15.Qd3 
Ndf6 16.Ne5 Ne4 17.Nxe4 fxe4 18.Qe2 Nf6 19.c4 Bd6 20.c5 Bc7 21.b4 Nd7 22.
Nxd7 Bxh2+ 23.Kxh2 Qxd7 24.Rfb1 Qc7+ 25.Kg1 Qc6 26.Ra5 Qc7 27.Qa2 Rab8 28.
b5 axb5 29.Raxb5 Rf7 30.Rb6 Rbf8 31.R1b2 Qc8 32.Qa7 e5 33.Rxb7 exd4 34.
exd4 Qe6 35.Rxf7 Rxf7 36.Rb8+ Rf8 37.Rxf8+ Kxf8 38.Qb8+ Kf7 39.Qb7+ Kf8 
40.c6 e3 41.c7 exf2+ 42.Kxf2 Qf6+ 43.Ke2 Qe7+ 44.Kd1 1-0

[Event "Xtracon Chess Open 2018"]
[Site "Elsinore"]
[Date "2018.07.24"]
[Round "5"]
[White "Lund, Gunnar"]
[Black "Pantzar, Milton"]
[Result "1/2-1/2"]
[WhiteElo "2216"]
[BlackElo "2333"]
[EventDate "2018.07.21"]
[WhiteFideId "1520814"]
[BlackFideId "1721003"]

1.e4 Nf6 2.Nc3 e5 3.Nf3 Nc6 4.Bb5 Bc5 5.Nxe5 Nxe5 6.d4 Bd6 7.dxe5 Bxe5 8.
Ne2 Qe7 9.Bd3 Nxe4 10.O-O Nc5 11.Ng3 Nxd3 12.Qxd3 O-O 13.Re1 Qc5 14.Be3 
Qa5 15.Bd2 Qc5 16.Be3 Qc6 17.Nf5 Qf6 18.f4 Bxb2 19.Rab1 d6 20.Nxg7 Qxg7 
21.Rxb2 Bf5 22.Qd4 b6 23.c3 Rfe8 24.Rbe2 Re6 25.Qd5 Be4 26.Qc4 c5 27.Bd4 
Qg6 28.f5 Bxf5 29.Bf2 Rae8 30.Qb5 Rxe2 31.Rxe2 Rxe2 32.Qxe2 Be4 33.Bg3 h5 
34.Qd2 d5 35.Qf4 Kh7 36.Qd6 Qg4 37.Qf6 Kg8 38.Kf2 Qe6 39.Qxe6 fxe6 40.Bb8 
b5 41.Bxa7 c4 42.Bd4 Kf7 43.Ke3 Bxg2 44.a3 Ke7 45.Be5 Kd7 46.Kd4 Kc6 47.
Bf6 Bh3 48.Bg5 1/2-1/2

[Event "Xtracon Chess Open 2018"]
[Site "Elsinore"]
[Date "2018.07.24"]
[Round "5"]
[White "Jacobsen, Mikkel Manosri"]
[Black "Ingebretsen, Jens E"]
[Result "1/2-1/2"]
[WhiteElo "2320"]
[BlackElo "2138"]
[EventDate "2018.07.21"]
[WhiteFideId "1444514"]
[BlackFideId "1522965"]

1.d4 Nf6 2.c4 e6 3.Nf3 b6 4.g3 Bb7 5.Bg2 Be7 6.O-O O-O 7.Re1 Na6 8.Nc3 d5 
9.cxd5 exd5 10.Bf4 c5 11.dxc5 Nxc5 12.Be5 Nce4 13.Rf1 Re8 14.Rc1 Bc5 15.
Bd4 Ba6 16.Rc2 Rc8 17.Na4 Bd6 18.Bh3 Rxc2 19.Qxc2 Nh5 20.Rc1 Ng5 21.Nxg5 
Qxg5 22.e3 Bb7 23.Nc3 Nf6 24.Qa4 Ra8 25.Nb5 Ne4 26.Nxd6 Nxd6 27.Rc7 h6 28.
Rd7 Qg6 29.Qa3 Nb5 30.Qe7 Nxd4 31.exd4 Ba6 32.Qe1 Qc6 33.Re7 Bb5 34.Bd7 
Qxd7 35.Rxd7 Bxd7 36.Qe7 Bf5 37.Kg2 Rc8 38.Qxa7 Be4+ 39.Kf1 Rc1+ 40.Ke2 
Rc2+ 41.Ke3 Rxb2 42.Qa3 Rb5 43.f3 Bf5 44.Qa6 Bd7 45.Kf4 Kh7 46.Ke5 Rb2 47.
h4 Be6 48.h5 b5 49.Kd6 b4 50.g4 Kg8 51.Qa8+ Kh7 52.Qa4 Kg8 53.f4 Bxg4 54.
Qe8+ Kh7 55.Qxf7 Bf3 56.f5 Rxa2 57.Qg6+ Kh8 58.Qe8+ Kh7 59.Qg6+ Kh8 60.
Qe8+ Kh7 61.Qg6+ 1/2-1/2

[Event "Xtracon Chess Open 2018"]
[Site "Elsinore"]
[Date "2018.07.24"]
[Round "5"]
[White "Rydstrom, Tom"]
[Black "Petersen, Peter Birk"]
[Result "1/2-1/2"]
[WhiteElo "2307"]
[BlackElo "2128"]
[EventDate "2018.07.21"]
[WhiteFideId "1714830"]
[BlackFideId "1401696"]

1.e4 c5 2.Nf3 e6 3.d4 cxd4 4.Nxd4 a6 5.Nc3 Qc7 6.g3 Nf6 7.Bg2 Nc6 8.Nb3 
Be7 9.O-O O-O 10.f4 d6 11.Be3 Re8 12.g4 d5 13.e5 Nd7 14.a4 Nb6 15.Rf3 Nc4 
16.Bc1 Bd7 17.Rh3 Nb4 18.Nd4 Rac8 19.Nce2 Qb6 20.Kh1 Bf8 21.b3 Na5 22.Be3 
Qd8 23.c3 Nbc6 24.Qd3 g6 25.Rf1 b5 26.axb5 axb5 27.Bf2 b4 28.Bh4 Be7 29.
Bxe7 Qxe7 30.cxb4 Qxb4 31.Qe3 Qf8 32.Qf2 Nxd4 33.Nxd4 Nc6 34.Nf3 Rb8 35.
Rb1 Rb4 36.Qd2 Reb8 37.Ng5 h6 38.Ne4 dxe4 39.Qxd7 Nd4 40.Bxe4 Rd8 41.Qa7 
Rc8 42.Qa6 Rcb8 43.Qa2 Qc5 44.Rd3 Nb5 45.Bg2 Rxf4 46.Qe2 g5 47.h3 Rc8 48.
Re1 Rf2 49.Qe4 Kg7 50.Rf3 Nc3 51.Qd3 Nd5 52.Rxf2 Qxf2 53.Qe2 Qxe2 54.Rxe2 
Nf4 55.Rb2 Nd3 56.Rb1 Rc1+ 57.Rxc1 Nxc1 58.b4 Nd3 59.b5 Nxe5 60.Kg1 Kf6 
61.Kf2 Nc4 62.Ke2 Ke5 63.Kd3 Nb6 64.Kc3 f5 65.Kb4 Kd4 66.Ka5 Kc5 67.gxf5 
exf5 68.Bf3 Nd7 69.Ka6 Nb6 70.Bh5 Na8 71.Be2 Nc7+ 72.Ka5 Nxb5 73.Bxb5 h5 
74.Be8 h4 75.Bh5 f4 76.Ka4 Kd4 77.Kb3 Ke3 78.Kc2 f3 79.Kd1 f2 80.Be2 g4 
81.Bf1 gxh3 82.Bxh3 Kf3 83.Kd2 Kg3 84.Ke2 1/2-1/2

[Event "Xtracon Chess Open 2018"]
[Site "Elsinore"]
[Date "2018.07.24"]
[Round "5"]
[White "Liu, Manli"]
[Black "Tryggestad, Andreas Garberg"]
[Result "1/2-1/2"]
[WhiteElo "2167"]
[BlackElo "2302"]
[EventDate "2018.07.21"]
[WhiteFideId "8608121"]
[BlackFideId "1513338"]

1.e4 c5 2.Nf3 e6 3.d4 cxd4 4.Nxd4 Nc6 5.Nc3 Qc7 6.Be3 Nf6 7.Be2 Be7 8.O-O 
O-O 9.f4 d6 10.Kh1 Nxd4 11.Qxd4 e5 12.Qd3 exf4 13.Bxf4 a6 14.Rad1 Rd8 15.
Qg3 Be6 16.e5 Ne8 17.exd6 Bxd6 18.Bxd6 Rxd6 19.Rxd6 Qxd6 20.Qh4 Qb6 
1/2-1/2

[Event "Xtracon Chess Open 2018"]
[Site "Elsinore"]
[Date "2018.07.24"]
[Round "5"]
[White "Thybo, Thomas Sondergaard"]
[Black "Mikalsen, Erlend"]
[Result "0-1"]
[WhiteElo "2146"]
[BlackElo "2292"]
[EventDate "2018.07.21"]
[WhiteFideId "1441299"]
[BlackFideId "1507338"]

1.d4 Nf6 2.Bg5 Ne4 3.Bf4 d5 4.f3 Nd6 5.Nc3 e6 6.e4 c6 7.Qd2 b5 8.Nh3 Nc4 
9.Bxc4 bxc4 10.O-O Be7 11.Qf2 Nd7 12.exd5 cxd5 13.Nb5 e5 14.dxe5 O-O 15.
Kh1 Nc5 16.Be3 Ne6 17.Rad1 Qa5 18.Nc3 Rd8 19.f4 f5 20.Ng1 d4 21.Bxd4 Bb7 
22.Be3 Qb4 23.Nce2 Bc6 24.b3 a5 25.Nd4 Nxd4 26.Bxd4 Rac8 27.Ne2 Bb5 28.Bc3
Qa3 29.Nd4 Ba6 30.Nxf5 cxb3 31.Qg3 g6 32.Nh6+ Kf8 33.Rxd8+ Rxd8 34.f5 Bxf1
35.fxg6 hxg6 36.Qf3+ Kg7 37.Qf7+ Kxh6 38.Qf4+ Bg5 39.Qf3 Be2 40.Qf7 Bf1 
41.Qf3 Be2 0-1

[Event "Xtracon Chess Open 2018"]
[Site "Elsinore"]
[Date "2018.07.24"]
[Round "5"]
[White "Debarshi, Mukherjee"]
[Black "Quinn, David"]
[Result "1-0"]
[WhiteElo "2292"]
[BlackElo "1987"]
[EventDate "2018.07.21"]
[WhiteFideId "5007291"]
[BlackFideId "2401452"]

1.d4 Nf6 2.Nf3 g6 3.g3 Bg7 4.Bg2 O-O 5.O-O d6 6.a4 Nc6 7.a5 a6 8.d5 Ne5 9.
Nxe5 dxe5 10.c4 e6 11.e4 exd5 12.exd5 Bg4 13.f3 Bf5 14.Nc3 Qe7 15.Qe2 Rfe8
16.Ne4 c6 17.Bg5 cxd5 18.cxd5 h6 19.d6 Qd8 20.Bxf6 Bxf6 21.Rfd1 Bg7 22.Nc5
Rb8 23.d7 Re7 24.Qd2 Bf8 25.Qd5 Qc7 26.Rac1 Rd8 27.g4 Rexd7 28.Nxd7 Qxd7 
29.Qxd7 Rxd7 30.gxf5 1-0

[Event "Xtracon Chess Open 2018"]
[Site "Elsinore"]
[Date "2018.07.24"]
[Round "5"]
[White "Foisor, Sabina-Francesca"]
[Black "Bengtsson, Jessica"]
[Result "1-0"]
[WhiteElo "2285"]
[BlackElo "1985"]
[EventDate "2018.07.21"]
[WhiteFideId "1212915"]
[BlackFideId "1711083"]

1.d4 d5 2.c4 e6 3.Nf3 Nf6 4.Bg5 Be7 5.Qc2 O-O 6.e3 h6 7.Bxf6 Bxf6 8.h4 g6 
9.g4 Bg7 10.g5 h5 11.Nc3 b6 12.O-O-O Bb7 13.Ne5 dxc4 14.Rg1 Nc6 15.Nxc6 
Bxc6 16.Bxc4 Bf3 17.Rd2 Bd5 18.Ba6 Bc6 19.Kb1 Rb8 20.Bd3 Qd6 21.f4 b5 22.
Ne2 b4 23.Rc1 Rb6 24.b3 Rc8 25.Ng3 Bb5 26.Bxb5 Rxb5 27.Qc6 Qxc6 28.Rxc6 
Bf8 29.Rdc2 Rb7 30.Ne4 Be7 31.Nd2 Kf8 32.Nc4 Rd8 33.Kc1 Bd6 34.Kd2 Ke8 35.
Kd3 Kd7 36.Nd2 Rb6 37.R6c4 Rb7 38.Ne4 Be7 39.Rc6 Ra8 40.Nd2 Bd6 41.Ke2 Rb6
42.R6c4 a5 43.Ne4 Ra7 44.Nc5+ Bxc5 45.dxc5 Rc6 46.Rd4+ Ke7 47.Kd3 Ra8 48.
Kc4 Rca6 49.Rcd2 R6a7 50.c6 Rb8 51.Kd3 Rb6 52.Rc2 Ke8 53.Ke4 Raa6 54.Rcd2 
Rb8 55.Rc4 Rbb6 56.Rd7 Rxc6 57.Rxc7 Rd6 58.R4c5 Rd2 59.Rb7 Rd7 60.Rcb5 Rd2
61.Rb8+ Kd7 62.R5b7+ Kc6 63.Rxf7 Rxa2 64.Re8 Kc5 65.Rc7+ Kb5 66.Rb8+ Rb6 
67.Rxb6+ Kxb6 68.Re7 Kc5 69.Rxe6 Rb2 70.Re5+ Kb6 71.f5 gxf5+ 72.Rxf5 Rc2 
1-0

[Event "Xtracon Chess Open 2018"]
[Site "Elsinore"]
[Date "2018.07.24"]
[Round "5"]
[White "Petersen, Steen"]
[Black "Buchenau, Frank"]
[Result "0-1"]
[WhiteElo "2111"]
[BlackElo "2275"]
[EventDate "2018.07.21"]
[WhiteFideId "1402706"]
[BlackFideId "4604350"]

1.e4 e6 2.d4 d5 3.Nd2 Nc6 4.Ngf3 Nf6 5.e5 Nd7 6.Nb3 a5 7.a4 b6 8.c3 Be7 9.
h4 f6 10.Bf4 O-O 11.g3 f5 12.Nc1 Ba6 13.Bxa6 Rxa6 14.Bg5 Qe8 15.Ne2 Nd8 
16.Nf4 Nb8 17.Kf1 Qd7 18.Kg2 Nf7 19.Bxe7 Qxe7 20.Ng5 Nxg5 21.hxg5 g6 22.
Rh6 Rf7 23.Qh1 Rg7 24.Qh4 Nd7 25.Rh1 Nf8 26.g4 fxg4 27.Qxg4 c6 28.R6h3 Rf7
29.Nd3 c5 30.f4 Qe8 31.Ra1 Qc6 32.Ne1 b5 33.Qe2 bxa4 34.Rf3 Rb6 35.Ra2 
Rfb7 36.Nd3 cxd4 37.cxd4 Qc4 38.b4 axb3 0-1

[Event "Xtracon Chess Open 2018"]
[Site "Elsinore"]
[Date "2018.07.24"]
[Round "5"]
[White "Skjoldager, Mikael"]
[Black "Matthiesen, Martin"]
[Result "0-1"]
[WhiteElo "2057"]
[BlackElo "2273"]
[EventDate "2018.07.21"]
[WhiteFideId "1434314"]
[BlackFideId "1404067"]

1.e4 e5 2.Nf3 Nc6 3.Bb5 a6 4.Ba4 Nf6 5.O-O Be7 6.Re1 b5 7.Bb3 d6 8.c3 O-O 
9.h3 Nb8 10.d4 Nbd7 11.Nbd2 Bb7 12.Bc2 Re8 13.a4 Bf8 14.axb5 axb5 15.Rxa8 
Qxa8 16.Qe2 b4 17.d5 bxc3 18.bxc3 Nc5 19.Nb3 Nfd7 20.Nxc5 Nxc5 21.Nh4 Qa2 
22.Nf5 Ba6 23.Qd1 Bc8 24.Be3 Qb2 25.Qd2 Bd7 26.Bxc5 dxc5 27.Rb1 Qa3 28.Rb7
Bxf5 29.exf5 e4 30.f6 g6 31.d6 Bxd6 32.g3 c4 33.Bxe4 Qc5 34.Kg2 Qe5 35.Bc6
Rd8 36.Qd5 Qxf6 37.Qxc4 h5 38.h4 Kg7 39.Rb5 Be5 40.Rb3 Rd2 41.Bf3 Qd6 42.
Be2 Ra2 43.Qd3 Bxg3 44.Qxd6 Bxd6 45.Kf3 Be7 46.Rb7 Bd8 47.Rb8 Bxh4 48.Rc8 
Ra7 49.Ke4 0-1

[Event "Xtracon Chess Open 2018"]
[Site "Elsinore"]
[Date "2018.07.24"]
[Round "5"]
[White "Chittka, Julius"]
[Black "Mansoor, Afras"]
[Result "1-0"]
[WhiteElo "2333"]
[BlackElo "1973"]
[EventDate "2018.07.21"]
[WhiteFideId "12954772"]
[BlackFideId "1522108"]

1.e4 c6 2.d4 d5 3.Nd2 dxe4 4.Nxe4 Bf5 5.Ng3 Bg6 6.h4 h6 7.Nf3 Nd7 8.h5 Bh7
9.Bd3 Bxd3 10.Qxd3 Ngf6 11.Bd2 Qc7 12.O-O-O O-O-O 13.Ne4 e6 14.g3 Nxe4 15.
Qxe4 Nf6 16.Qe2 Bd6 17.c4 c5 18.Bc3 cxd4 19.Nxd4 a6 20.Nb3 Be7 21.Ba5 b6 
22.Bc3 Kb7 23.Kb1 Rxd1+ 24.Rxd1 Rd8 25.Rxd8 Bxd8 26.Nd4 Kc8 27.g4 Qb7 28.
f3 Bc7 29.b4 Bd6 30.Kc2 Qd7 31.Kb3 Qc7 32.c5 bxc5 33.Qxa6+ Kd7 34.Nb5 c4+ 
35.Kb2 Qc6 36.Qxc6+ Kxc6 37.Nxd6 Kxd6 38.Bxf6 gxf6 39.Kc3 Kd5 1-0